000 01643cam a22002535a 4500
001 L152702
008 110413s2010 xxk f 000 0 eng d
020 _a9780203869307
035 _a(Sirsi) u152702
041 0 _aeng
050 0 4 _a690.22
100 1 _aGriffiths, Owen
245 0 0 _aUnderstanding the CDM 2007 regulations
_h[electronic resource]
250 _a2nd ed.
260 _aLondon
_bTaylor & Francis
_c2010
300 _aeBook
520 _aThe Construction (Design & Management) Regulations 2007 outline the responsibilities and liabilities for the various professionals and agents involved. Straightforward and practical, Understanding the CDM 2007 Regulations demonstrates the rationale behind the regs, covers the duties of the five core duty holders (client, CDM coordinator, designer, principal contractor and contractor), explains the importance of the hazard management process on every project and also sets out the consequences of failing to successfully plan, design and manage for safety. Any client, architect, engineer, CDM co-ordinator, project manager, construction professional, or student will find this a simple but thorough and dependable guide and should value the management toolkit and the numerous practical examples of best practice and guidance on how to use the Approved Code of Practice appropriately.
590 _aKA NTK
650 2 4 _aEBOOK
651 4 _aENGLAND AND WALES
690 _aBUILT ENVIRONMENT-CONSTRUCTION MANAGEMENT-CONSTRUCTION DESIGN AND MANAGEMENT
856 4 0 _uhttps://www.vlebooks.com/
_zView on VLEbooks. Logins for members only from [email protected]
942 _n0
999 _c112175
_d112175